000 00742nam a22002297a 4500
003 OSt
005 20140310181923.0
008 130719t xxu||||| |||| 00| 0 eng d
050 _aLB 1050
_b.G864 2007
082 _aTR 372
_bG864g 2007
100 _aGrimmett, Helen
245 _aDeveloping comprehension : using graphic organisers :
_blower primary /
_cHelen Grimmett, Denise Ryan.
260 _aPort Melbourne, Vic :
_bRigby,
_cc2007.
300 _a48 p. ;
_bill. ;
_c28 cm.
521 _aFaculty
541 _j1
562 _e1
650 _a English language
_xStudy and teaching (Primary)
_91956
650 _aComprehension
_xStudy and teaching (Primary)
_91957
700 _aGrimmett, Helen
942 _2lcc
_cBK-TR
_kTR
999 _c7071
_d7071